Most Guessed Pokémon - Statistics

General Stats
  • This quiz has been taken 82 times
  • The average score is 17 of 25
Answer Stats
% Guessed Pokémon % Correct
87% Pikachu
100%
85% Charmander
93%
85% Charizard
91%
82% Squirtle
90%
85% Bulbasaur
88%
76% Blastoise
83%
68% Mew
78%
77% Charmeleon
77%
71% Wartortle
77%
66% Mewtwo
74%
76% Ivysaur
71%
73% Raichu
71%
64% Eevee
65%
73% Venusaur
65%
68% Caterpie
58%
66% Pidgeot
58%
64% Pidgeotto
58%
67% Butterfree
57%
66% Pidgey
57%
65% Metapod
55%
66% Weedle
52%
65% Beedrill
51%
63% Kakuna
46%
62% Jigglypuff
41%
62% Gengar
38%
No matching quizzes found
Score Distribution
Percent of People with Each Score
Percentile by Number Answered
Your Score History
You have not taken this quiz